000 00332nam a2200145 i 4500
001 bg
100 1 _aECKARDT, Horst
245 0 _aLexikon der moderen Wirtschaftspraxis /
_cH. Eckardt.
260 _aMünchen,
_c1968.
040 _cBPK
041 _apol
080 _a33
942 _cKS
008 s pl f |000 0 pol
999 _c8596
_d8596
856 _uhttp://koha.tu.koszalin.pl/cgi-bin/koha/opac-detail.pl?biblionumber=8596
_yKatalog online BPK